[Event "Paracin Summer op-A 11th"]
[Site "Paracin"]
[Date "2018.07.13"]
[Round "9"]
[White "Tomic, Aleksandar"]
[Black "Atalik, Suat"]
[Result "1/2-1/2"]
[WhiteElo "2347"]
[BlackElo "2509"]
[PlyCount "144"]
[EventDate "2018.07.06"]
[EventType "swiss"]
[EventRounds "9"]
[EventCountry "SRB"]
[SourceTitle "CBM 186"]
[Source "ChessBase"]
[SourceDate "2018.09.14"]
[SourceVersion "1"]
[SourceVersionDate "2018.09.14"]
[SourceQuality "1"]

1. d4 d5 2. c4 e6 3. Nf3 c6 4. Qc2 Nf6 5. g3 dxc4 6. Qxc4 b5 7. Qc2 Bb7 8. Bg2 Nbd7 9. Nc3 c5 10. 0-0 b4 11. Na4 Rc8 12. Nxc5 Nxc5 13. dxc5 Bxc5 14. Qa4+ Bc6 15. Qa6 0-0 16. Bg5 Qb6 17. Qxb6 axb6 18. Bxf6 gxf6 19. Rfd1 Rfd8 20. Ne1 Bb5 21. Kf1 Bd4 22. Rab1 f5 23. Bb7 Rc7 24. Bg2 Rcd7 25. Nc2 Bc5 26. Rxd7 Rxd7 27. Ke1 Rc7 28. f4 Kg7 29. Bf3 f6 30. Rd1 e5 31. e3 Be7 32. Rd2 Bc4 33. b3 Be6 34. Kd1 Rc3 35. Bd5 Kf7 36. Bxe6+ Kxe6 37. Ke1 h5 38. h4 Rc7 39. Kf2 Bd6 40. Ne1 Rc1 41. Rc2 Ra1 42. Rd2 Ke7 43. Nf3 Rc1 44. Ne1 Bc5 45. Ng2 Ke6 46. Ke2 b5 47. Kf2 Bb6 48. Ke2 Rc3 49. Kf2 Bc5 50. Ke2 Ba7 51. Kf2 Ke7 52. Ke2 Bb6 53. Rd5 Rc2+ 54. Kf1 exf4 55. Nxf4 Bxe3 56. Rxf5 Bxf4 57. Rxf4 Rxa2 58. Rxb4 f5 59. Rxb5 Kf6 60. Rc5 Rb2 61. Rc3 Ke5 62. Ke1 Ke4 63. Kd1 Rg2 64. Kc1 Kd4 65. Rf3 Ke4 66. Rf4+ Ke5 67. Rf3 Ke4 68. Rc3 Kd4 69. Rf3 Ke4 70. Rc3 Kd4 71. Rf3 Ke4 72. Rc3 Ke5 1/2-1/2

[Event "BIH-chT 16th"]
[Site "Sarajevo"]
[Date "2017.08.26"]
[Round "3.1"]
[White "Radlovacki, Jovan"]
[Black "Tomic, Aleksandar"]
[Result "1/2-1/2"]
[WhiteElo "2382"]
[BlackElo "2266"]
[PlyCount "120"]
[EventDate "2017.08.24"]
[EventType "team-tourn"]
[EventRounds "9"]
[EventCountry "BIH"]
[SourceTitle "CBM 180 Extra"]
[Source "ChessBase"]
[SourceDate "2017.10.06"]
[SourceVersion "1"]
[SourceVersionDate "2017.10.06"]
[SourceQuality "1"]
[WhiteTeam "Bratunac"]
[BlackTeam "Kiseljak"]
[WhiteTeamCountry "BIH"]
[BlackTeamCountry "BIH"]

1. e4 c5 2. Nf3 e6 3. d3 Nc6 4. g3 Nf6 5. Bg2 Be7 6. 0-0 d6 7. Re1 0-0 8. c3 Bd7 9. a3 b5 10. Nbd2 Rb8 11. h3 a5 12. d4 cxd4 13. cxd4 a4 14. e5 dxe5 15. dxe5 Nd5 16. Bf1 Qc7 17. Bd3 Na5 18. h4 b4 19. axb4 Nxb4 20. Be4 Rfc8 21. Re3 Na2 22. Rxa2 Qxc1 23. Qxc1 Rxc1+ 24. Re1 Rxe1+ 25. Nxe1 Bb4 26. Ndf3 Nc4 27. Bd3 Bxe1 28. Bxc4 Bb4 29. Kf1 Bc5 30. Ke2 Bc6 31. Bd3 g6 32. Bc4 Rb4 33. Nd2 Bd4 34. b3 axb3 35. Bxb3 Bxe5 36. Bc4 Bd4 37. Bd3 Bd5 38. Rc2 Kg7 39. Nc4 e5 40. Nd2 f5 41. Rc7+ Kh6 42. Rd7 Bb7 43. Bc4 Bc6 44. Rc7 Bb5 45. Bxb5 Rxb5 46. f3 Rb2 47. g4 fxg4 48. fxg4 g5 49. h5 e4 50. Rc4 Be5 51. Rxe4 Bf4 52. Rd4 Kg7 53. Ke1 Kf6 54. Nf3 Rg2 55. Rd7 Rxg4 56. Rxh7 Rg3 57. Rh6+ Kf5 58. Nd4+ Ke5 59. Ne2 Rh3 60. Nxf4 gxf4 1/2-1/2

[Event "MNT-ch sf"]
[Site "Niksic"]
[Date "2017.02.19"]
[Round "5"]
[White "Musovic, Armin"]
[Black "Tomic, Aleksandar"]
[Result "0-1"]
[WhiteElo "2207"]
[BlackElo "2316"]
[PlyCount "100"]
[EventDate "2017.02.17"]
[EventType "swiss"]
[EventRounds "7"]
[EventCountry "MNE"]
[SourceTitle "CBM 177 Extra"]
[Source "ChessBase"]
[SourceDate "2017.04.27"]
[SourceVersion "1"]
[SourceVersionDate "2017.04.27"]
[SourceQuality "1"]

1. e4 c5 2. c3 Nf6 3. f3 e5 4. Bb5 Nc6 5. Ne2 a6 6. Ba4 b5 7. Bc2 d5 8. d3 Be7 9. Bg5 Be6 10. 0-0 Qb6 11. Kh1 dxe4 12. dxe4 c4 13. Qc1 h6 14. Be3 Bc5 15. Bd2 a5 16. Qe1 Rd8 17. Qh4 Be3 18. Bxe3 Qxe3 19. Qf2 Qxf2 20. Rxf2 Ke7 21. Ng3 g6 22. Nd2 Rd6 23. Ndf1 Rhd8 24. Kg1 Nd7 25. a4 b4 26. Ne3 Nb6 27. Ngf1 b3 28. Bb1 Nb8 29. h4 Na6 30. Kh2 Nc5 31. f4 exf4 32. e5 Rd1 33. Nxd1 Rxd1 34. Rxf4 Nd3 35. Bxd3 Rxa1 36. Be2 Rb1 37. Ne3 Rxb2 38. Bxc4 Nxc4 39. Nxc4 Rc2 40. Nxa5 b2 41. Rb4 Ba2 42. Nc6+ Kd7 43. Nd4 b1Q 44. e6+ fxe6 45. Rxb1 Bxb1 46. Nxc2 Bxc2 47. a5 Bd3 48. Kg3 e5 49. Kf3 Kd6 50. Ke3 Ba6 0-1

[Event "MNT-ch sf"]
[Site "Niksic"]
[Date "2017.02.18"]
[Round "2"]
[White "Vujacic, Igor"]
[Black "Tomic, Aleksandar"]
[Result "1-0"]
[WhiteElo "2205"]
[BlackElo "2316"]
[PlyCount "99"]
[EventDate "2017.02.17"]
[EventType "swiss"]
[EventRounds "7"]
[EventCountry "MNE"]
[SourceTitle "CBM 177 Extra"]
[Source "ChessBase"]
[SourceDate "2017.04.27"]
[SourceVersion "1"]
[SourceVersionDate "2017.04.27"]
[SourceQuality "1"]

1. e4 c5 2. Nf3 e6 3. d4 cxd4 4. Nxd4 a6 5. Nc3 Qc7 6. Bd3 Nf6 7. 0-0 d6 8. Be3 Be7 9. f4 b5 10. e5 dxe5 11. fxe5 Qxe5 12. Qf3 Ng4 13. Bf4 Qxd4+ 14. Kh1 0-0 15. Qxa8 e5 16. Bg3 Be6 17. h3 Ne3 18. Rfe1 b4 19. Qe4 Qxe4 20. Nxe4 Nxg2 21. Kxg2 Bd5 22. Kh2 f5 23. Nd2 e4 24. Nxe4 fxe4 25. Bxe4 Bxe4 26. Rxe4 Bf6 27. Rxb4 Nc6 28. Rb6 Na5 29. c3 Nc4 30. Rb4 Rc8 31. Rc1 Kf7 32. b3 Nd2 33. Rb7+ Kg6 34. Rb6 Rd8 35. Kh1 h5 36. Re1 Ne4 37. Kg2 Kf5 38. Rf1+ Kg6 39. Re1 Kf5 40. c4 Re8 41. Rxe4 Kxe4 42. Rd6 Ra8 43. c5 a5 44. c6 h4 45. Bh2 Rc8 46. c7 Kf5 47. Rb6 Be5 48. Rb5 Rxc7 49. Rxe5+ Kf6 50. Rf5+ 1-0

[Event "BIH-chT 15th"]
[Site "Bihac"]
[Date "2016.07.22"]
[Round "7.1"]
[White "Kurajica, Bojan"]
[Black "Tomic, Aleksandar"]
[Result "1-0"]
[WhiteElo "2524"]
[BlackElo "2272"]
[PlyCount "141"]
[EventDate "2016.07.16"]
[EventType "team-tourn"]
[EventRounds "9"]
[EventCountry "BIH"]
[SourceTitle "CBM 173 Extra"]
[Source "ChessBase"]
[SourceDate "2016.08.29"]
[SourceVersion "1"]
[SourceVersionDate "2016.08.29"]
[SourceQuality "1"]
[WhiteTeam "Sarajevo Bosna"]
[BlackTeam "Kiseljak"]
[WhiteTeamCountry "BIH"]
[BlackTeamCountry "BIH"]

1. Nf3 Nf6 2. c4 e6 3. g3 b6 4. Bg2 Bb7 5. 0-0 Be7 6. Nc3 0-0 7. Re1 d5 8. cxd5 exd5 9. d4 Nbd7 10. Bf4 Nh5 11. Be3 Nhf6 12. Rc1 c6 13. a3 Re8 14. Bf4 Nf8 15. Rc2 Ng6 16. Bc1 Bf8 17. Nd2 Qd7 18. Nf1 h6 19. e3 Rad8 20. b4 Ne7 21. Nd2 Nc8 22. Nf3 Nd6 23. Ne5 Qe7 24. Ne2 Rc8 25. Bb2 b5 26. Nf4 Nc4 27. Nfd3 Nd7 28. Nxc4 dxc4 29. Nf4 Nb6 30. Qh5 Rcd8 31. Ne2 Na4 32. Bc1 g6 33. Qg4 Bc8 34. Qf3 Bf5 35. Ra2 Be4 36. Qxe4 Qxe4 37. Bxe4 Rxe4 38. Bd2 Ree8 39. Nc3 Nb6 40. Rb1 Ra8 41. g4 Kg7 42. a4 a6 43. e4 Nd7 44. f3 Red8 45. Kg2 Kh7 46. d5 cxd5 47. Nxd5 Bg7 48. Be3 Ne5 49. Bb6 Rdc8 50. Nc7 Rab8 51. a5 Ra8 52. Nxa8 Rxa8 53. f4 Nd3 54. Kf3 Rc8 55. Rc2 Bf8 56. Rd2 Nxb4 57. Rd7 Kg8 58. Rd8 Rxd8 59. Bxd8 Nd3 60. Bf6 b4 61. Ke3 Bd6 62. Kd4 Nxf4 63. Kxc4 Ne6 64. h4 Kf8 65. Rd1 Bc5 66. Rd5 Bf2 67. Kxb4 Be1+ 68. Kc4 Ke8 69. h5 g5 70. Bc3 Bxc3 71. Kxc3 1-0

[Event "SRB Central-ch op-A 9th"]
[Site "Paracin"]
[Date "2016.07.08"]
[Round "2"]
[White "Tomic, Aleksandar"]
[Black "Abramovic, Bosko"]
[Result "0-1"]
[WhiteElo "2272"]
[BlackElo "2422"]
[PlyCount "126"]
[EventDate "2016.07.07"]
[EventType "swiss"]
[EventRounds "9"]
[EventCountry "SRB"]
[SourceTitle "CBM 173 Extra"]
[Source "ChessBase"]
[SourceDate "2016.08.29"]
[SourceVersion "1"]
[SourceVersionDate "2016.08.29"]
[SourceQuality "1"]

1. d4 Nf6 2. Bg5 e6 3. e4 h6 4. Bxf6 Qxf6 5. c3 d6 6. Bd3 g6 7. Ne2 Bg7 8. 0-0 Qe7 9. Nd2 Nd7 10. f4 e5 11. Kh1 0-0 12. Nc4 c6 13. Ne3 Nf6 14. Qc2 Bd7 15. Rae1 Rae8 16. dxe5 dxe5 17. f5 b5 18. c4 a6 19. a4 Qc5 20. Nc3 b4 21. Na2 Rb8 22. Nc1 b3 23. Nxb3 Qb4 24. Nd2 Qxb2 25. fxg6 fxg6 26. c5 Qxc2 27. Bxc2 Be6 28. Ndc4 Nd7 29. Na5 Rfc8 30. Rb1 Rxb1 31. Rxb1 Bf8 32. Rb7 Bxc5 33. Nec4 Bd4 34. Nd6 Rf8 35. h3 Nc5 36. Rb1 Rf2 37. Bd1 Ba2 38. Rb8+ Kh7 39. Bf3 h5 40. h4 Rf1+ 41. Kh2 Bg1+ 42. Kg3 Be3 43. Kh2 Bf4+ 44. g3 Rxf3 45. gxf4 Rxf4 46. Nxc6 Nxe4 47. Ne8 Rxh4+ 48. Kg1 Rg4+ 49. Kh2 Rf4 50. Nxe5 Nf6 51. Rb7+ Kh6 52. Rb6 Nxe8 53. Rxg6+ Kh7 54. Rxa6 Rf5 55. Nd7 Kg7 56. a5 Nf6 57. Nb6 Kg6 58. Ra8 Kg5 59. a6 Ng4+ 60. Kg1 Kh4 61. a7 Ra5 62. Kf1 Bf7 63. Kg1 Kg3 0-1

[Event "MNT-ch 68th"]
[Site "Bijelo Polje"]
[Date "2016.06.30"]
[Round "7"]
[White "Tomic, Aleksandar"]
[Black "Blagojevic, Dragisa"]
[Result "1/2-1/2"]
[WhiteElo "2279"]
[BlackElo "2483"]
[PlyCount "45"]
[EventDate "2016.06.24"]
[EventType "tourn"]
[EventRounds "11"]
[EventCountry "MNE"]
[SourceTitle "CBM 173 Extra"]
[Source "ChessBase"]
[SourceDate "2016.08.29"]
[SourceVersion "1"]
[SourceVersionDate "2016.08.29"]
[SourceQuality "1"]

1. d4 d5 2. Nf3 Nf6 3. Bf4 e6 4. e3 c5 5. c3 Nc6 6. Nbd2 Bd6 7. Bg3 0-0 8. Bd3 b6 9. Ne5 Bb7 10. f4 Ne7 11. Qf3 Nf5 12. Bxf5 exf5 13. Bh4 Be7 14. Bxf6 Bxf6 15. 0-0 Be7 16. Rfd1 f6 17. Nd3 Qd7 18. Nf2 Rfe8 19. Nf1 Bf8 20. Rd2 Qe6 21. Rad1 cxd4 22. exd4 Ba6 23. Nd3 1/2-1/2

[Event "MNT-ch 68th"]
[Site "Bijelo Polje"]
[Date "2016.06.27"]
[Round "4"]
[White "Vujacic, Igor"]
[Black "Tomic, Aleksandar"]
[Result "0-1"]
[WhiteElo "2193"]
[BlackElo "2279"]
[PlyCount "38"]
[EventDate "2016.06.24"]
[EventType "tourn"]
[EventRounds "11"]
[EventCountry "MNE"]
[SourceTitle "CBM 173 Extra"]
[Source "ChessBase"]
[SourceDate "2016.08.29"]
[SourceVersion "1"]
[SourceVersionDate "2016.08.29"]
[SourceQuality "1"]

1. e4 c5 2. Nf3 e6 3. c3 Nf6 4. Qe2 b6 5. g3 Bb7 6. d3 c4 7. e5 cxd3 8. Qxd3 Ng4 9. h3 Nxe5 10. Nxe5 Bxh1 11. f3 Qc7 12. Qe4 f5 13. Qxa8 Qxe5+ 14. Be2 Qxg3+ 15. Kd1 Bd6 16. Be3 0-0 17. Nd2 f4 18. Ne4 Bxf3 19. Bf2 Qxf2 0-1

[Event "MNT-ch 68th"]
[Site "Bijelo Polje"]
[Date "2016.06.26"]
[Round "3"]
[White "Tomic, Aleksandar"]
[Black "Kalezic, Blazo"]
[Result "0-1"]
[WhiteElo "2279"]
[BlackElo "2455"]
[PlyCount "54"]
[EventDate "2016.06.24"]
[EventType "tourn"]
[EventRounds "11"]
[EventCountry "MNE"]
[SourceTitle "CBM 173 Extra"]
[Source "ChessBase"]
[SourceDate "2016.08.29"]
[SourceVersion "1"]
[SourceVersionDate "2016.08.29"]
[SourceQuality "1"]

1. c4 e5 2. Nc3 Nc6 3. g3 Bc5 4. Bg2 a6 5. e3 d6 6. a3 Nge7 7. Nge2 0-0 8. 0-0 Ba7 9. d3 Bg4 10. h3 Be6 11. Nd5 Qd7 12. Kh2 Nd8 13. f4 f5 14. Qb3 Rb8 15. Qc3 Ng6 16. e4 c6 17. Ne3 fxe4 18. dxe4 exf4 19. gxf4 Nh4 20. f5 Nxg2 21. fxe6 Nxe6 22. Rxf8+ Rxf8 23. Nxg2 Rf1 24. b4 d5 25. Ng3 Bg1+ 26. Kh1 Bd4+ 27. Nxf1 Bxc3 0-1

[Event "MNT CupT"]
[Site "Niksic"]
[Date "2016.04.23"]
[Round "1.3"]
[White "Tomic, Aleksandar"]
[Black "Milovic, Jovan"]
[Result "0-1"]
[WhiteElo "2287"]
[BlackElo "2307"]
[PlyCount "50"]
[EventDate "2016.04.23"]
[EventType "team-tourn"]
[EventRounds "2"]
[EventCountry "MNE"]
[SourceTitle "CBM 172 Extra"]
[Source "ChessBase"]
[SourceDate "2016.06.21"]
[SourceVersion "1"]
[SourceVersionDate "2016.06.21"]
[SourceQuality "1"]
[WhiteTeam "Mladost"]
[BlackTeam "Rumija"]
[WhiteTeamCountry "MNE"]
[BlackTeamCountry "MNE"]

1. d4 Nc6 2. e4 d5 3. exd5 Qxd5 4. Be3 e5 5. Nc3 Bb4 6. a3 Bxc3+ 7. bxc3 Nf6 8. c4 Qa5+ 9. Bd2 Qa4 10. d5 Nd4 11. Bd3 Bf5 12. Nf3 Bxd3 13. cxd3 Nc2+ 14. Kf1 e4 15. Rc1 exd3 16. Ne5 Qxa3 17. Qf3 Nb4 18. g4 Qb2 19. Qe3 0-0 20. g5 Nfxd5 21. cxd5 Nxd5 22. Qe1 Rae8 23. f4 f6 24. gxf6 Rxf6 25. Qe4 Rxe5 0-1